000 00821nam a2200253Ia 4500
003 OSt
005 20220923211149.0
006 a|||||r|||| 00| 0
007 ta
008 Pun
020 _a81876451743 (hbk)
_c160
024 _a280,708
037 _b804, 09/03/2014, H.K. Prakashan
_cTextual
040 _aARTS
_cARTS
_bPun
041 _2Pun
_aPun
082 _aO153,6N58x, Q1
100 _aਅਮੀਰ ਕੌਰ
_9158985
245 0 _aਸਖ਼ਰ ਦਰ ਸਖ਼ਰ ਦਾ Fੈਲੀਗਤ ਅਧਿਐਨ
260 _aਦਿੱਲੀ
_b ਮਨਪ੍ਰੀ਼ਤ ਪ੍ਰਕਾFਨ
_c2011
300 _a96ਪੰ
_ccm.
650 _aਪੰਜਾਬੀ ਸਾਹਿਤ
942 _hO153,6N58x, Q1
_cTEXL
_2CC
999 _c296195
_d296195